| 000 | 00634nam a2200241Ia 4500 | ||
|---|---|---|---|
| 008 | 170203s9999 xx 000 0 und d | ||
| 020 | _a0-590996835 | ||
| 050 | _aFIc | ||
| 050 | _bD131m | ||
| 100 | _aDahl, Roald. | ||
| 245 | _aMatilda / | ||
| 245 | _cby Roald Dahl ; illustrations by Quentin Blake. | ||
| 260 | _aNew York : | ||
| 260 | _bScholastic, | ||
| 260 | _c1996 | ||
| 300 | _a240 pages : | ||
| 300 | _billustrations ; | ||
| 300 | _c20 cm. | ||
| 500 | _aReprint: Originally published: New York, NY : Penguin Books, ©1988. | ||
| 650 | _aHumorous stories. | ||
| 650 | _aSchools -- | ||
| 650 | _xFiction. | ||
| 999 |
_c306408 _d306408 |
||